[Event "43. Open Ciutat de Badalona 2017 - B"]
[Site "Badalona ESP"]
[Date "2017.08.04"]
[Round "3.4"]
[White "Walter Travella, German"]
[Black "Varela Cuadrado, Cesar"]
[Result "1-0"]
[WhiteElo "1888"]
[BlackElo "1783"]
[PlyCount "57"]
[EventDate "2017.08.02"]
[EventType "swiss"]
[EventRounds "9"]
[EventCountry "ESP"]
[SourceTitle "Ajedrez en Madrid"]
[Source "lmi"]
[SourceDate "2017.08.02"]
[SourceVersion "1"]
[SourceVersionDate "2018.07.18"]
[SourceQuality "1"]

1. d4 Nf6 2. Nc3 g6 3. e4 d6 4. Bg5 Bg7 5. e5 Nfd7 6. exd6 cxd6 7. Qd2 h5 8.
Nf3 a6 9. Bd3 Nc6 10. O-O Nf6 11. Rfe1 O-O 12. d5 Nb8 13. Nh4 Nbd7 14. h3 Ne5
15. f4 Nxd3 16. Qxd3 Qb6+ 17. Kh2 e6 18. Rad1 Nh7 19. dxe6 Nxg5 20. e7 Re8 21.
fxg5 Be5+ 22. Rxe5 dxe5 23. Nd5 Qc6 24. Nf6+ Kg7 25. Nxe8+ Qxe8 26. Qd8 Bd7 27.
Rxd7 e4 28. Qxa8 Qxd7 29. e8=N+ 1-0

[Event "43. Open Ciutat de Badalona 2017 - B"]
[Site "Badalona ESP"]
[Date "2017.08.04"]
[Round "3.5"]
[White "Alcala Gonzalez, Cesar"]
[Black "Gallego Montes, Antoni"]
[Result "1-0"]
[WhiteElo "1760"]
[BlackElo "1874"]
[PlyCount "77"]
[EventDate "2017.08.02"]
[EventType "swiss"]
[EventRounds "9"]
[EventCountry "ESP"]
[SourceTitle "Ajedrez en Madrid"]
[Source "lmi"]
[SourceDate "2017.08.02"]
[SourceVersion "1"]
[SourceVersionDate "2018.07.18"]
[SourceQuality "1"]

1. d4 e5 2. dxe5 Nc6 3. Nf3 Qe7 4. e4 Nxe5 5. Nxe5 Qxe5 6. Bd3 Nf6 7. O-O Bc5
8. Nc3 d6 9. Kh1 Ng4 10. f4 Qh5 11. h3 Qh4 12. Qf3 Nf2+ 13. Kh2 Bd7 14. Nd5
O-O-O 15. b4 Ng4+ 16. Kh1 Nf2+ 17. Kh2 Ng4+ 18. Kh1 Bd4 19. c3 Nf2+ 20. Kh2
Ng4+ 21. Kh1 Bf2 22. Be3 Bg3 23. Bxa7 Rde8 24. Bg1 h5 25. a4 Rh6 26. a5 Rg6 27.
f5 Ne5 28. Qe2 Rg4 29. a6 Nxd3 30. Qxd3 b5 31. a7 Kb7 32. Nxc7 Rgxe4 33. Nxb5
Bc6 34. Nxd6+ Bxd6 35. Qxd6 Re2 36. Rf3 Qxh3+ 37. Rxh3 Bxg2+ 38. Kh2 Be4+ 39.
Kg3 1-0

[Event "43. Open Ciutat de Badalona 2017 - B"]
[Site "Badalona ESP"]
[Date "2017.08.04"]
[Round "3.6"]
[White "Calafell Marques, Jose"]
[Black "Ritter Aguilar, Jordi"]
[Result "1/2-1/2"]
[WhiteElo "1747"]
[BlackElo "1850"]
[PlyCount "81"]
[EventDate "2017.08.02"]
[EventType "swiss"]
[EventRounds "9"]
[EventCountry "ESP"]
[SourceTitle "Ajedrez en Madrid"]
[Source "lmi"]
[SourceDate "2017.08.02"]
[SourceVersion "1"]
[SourceVersionDate "2018.07.18"]
[SourceQuality "1"]

1. e4 e5 2. Nf3 Nc6 3. Bb5 Bc5 4. O-O d6 5. d4 exd4 6. Bxc6+ bxc6 7. Nxd4 Ne7
8. Bg5 f6 9. Be3 O-O 10. Nxc6 Nxc6 11. Qd5+ Kh8 12. Bxc5 Bd7 13. Ba3 Qe8 14.
Nd2 Qg6 15. Qd3 Rae8 16. f4 Rf7 17. Rae1 f5 18. exf5 Rxf5 19. Rxe8+ Qxe8 20.
Ne4 Ne7 21. c4 Qf8 22. Nxd6 Rxf4 23. Rxf4 Qxf4 24. Nf7+ Kg8 25. Qxd7 Qc1+ 26.
Kf2 Qf4+ 27. Ke2 Qxc4+ 28. Qd3 Qxd3+ 29. Kxd3 Kxf7 30. Bc5 a6 31. Kc4 Ng6 32.
Bf2 Ke6 33. Kb4 Ne5 34. Ka5 Nc4+ 35. Kxa6 Nxb2 36. Bd4 Nd3 37. Bxg7 Nb4+ 38.
Kb5 Nxa2 39. Kc6 Nb4+ 40. Kxc7 Nd5+ 41. Kd8 1/2-1/2

[Event "43. Open Ciutat de Badalona 2017 - B"]
[Site "Badalona ESP"]
[Date "2017.08.04"]
[Round "3.7"]
[White "Corbacho Chaves, Oscar"]
[Black "Grao Amaya, Rafael"]
[Result "1-0"]
[WhiteElo "1849"]
[BlackElo "1780"]
[PlyCount "133"]
[EventDate "2017.08.02"]
[EventType "swiss"]
[EventRounds "9"]
[EventCountry "ESP"]
[SourceTitle "Ajedrez en Madrid"]
[Source "lmi"]
[SourceDate "2017.08.02"]
[SourceVersion "1"]
[SourceVersionDate "2018.07.18"]
[SourceQuality "1"]

1. e4 e5 2. Nf3 Nc6 3. d4 exd4 4. Bc4 Be7 5. c3 Na5 6. Qxd4 Nxc4 7. Qxc4 d6 8.
O-O a6 9. Re1 Be6 10. Qd4 Bf6 11. Qb4 Qc8 12. e5 dxe5 13. Nxe5 c5 14. Qe4 Ne7
15. Nd2 O-O 16. Ndf3 Bf5 17. Qf4 Re8 18. Nc4 Qb8 19. Nd6 Kf8 20. Nxe8 Qxf4 21.
Bxf4 Kxe8 22. Bd6 Rc8 23. Rad1 Be6 24. a3 b5 25. Be5 Nc6 26. Bxf6 gxf6 27. Nd2
f5 28. Nb3 Ne7 29. Na5 Nc6 30. Nxc6 Rxc6 31. f4 Kf8 32. Rd8+ Kg7 33. Red1 a5
34. R1d6 Rc7 35. Ra8 a4 36. Rb8 Bc4 37. Rdd8 Re7 38. Re8 Rd7 39. Rbd8 Rc7 40.
Kf2 Rb7 41. Kg3 Bb3 42. Kh4 Rb6 43. Rd2 Rh6+ 44. Kg5 f6+ 45. Kxf5 Rh5+ 46. Kg4
Rxh2 47. Re7+ Kg6 48. f5+ Kh6 49. Kg3 Rh5 50. Rdd7 Rg5+ 51. Kh2 Bg8 52. Rd8 Bc4
53. Rdd7 Rxf5 54. Rxh7+ Kg5 55. Rdg7+ Kf4 56. Rg3 Ke5 57. Rf3 Rg5 58. Re7+ Kd6
59. Rh7 Rg6 60. Ra7 Ke6 61. Rf2 Rh6+ 62. Kg1 f5 63. Rd2 Rg6 64. Rc7 Ke5 65.
Rxc5+ Kf6 66. Rd4 Rg8 67. Kh2 1-0

[Event "43. Open Ciutat de Badalona 2017 - B"]
[Site "Badalona ESP"]
[Date "2017.08.04"]
[Round "3.8"]
[White "Garcia Punzano, Josep Lluis"]
[Black "Barroso Quinones, Antonio"]
[Result "0-1"]
[WhiteElo "1695"]
[BlackElo "1846"]
[PlyCount "67"]
[EventDate "2017.08.02"]
[EventType "swiss"]
[EventRounds "9"]
[EventCountry "ESP"]
[SourceTitle "Ajedrez en Madrid"]
[Source "lmi"]
[SourceDate "2017.08.02"]
[SourceVersion "1"]
[SourceVersionDate "2018.07.18"]
[SourceQuality "1"]

1. c4 e5 2. d3 Nf6 3. e4 Bc5 4. Nc3 O-O 5. Bg5 h6 6. Bh4 c6 7. Nf3 d6 8. h3 Qb6
9. Qc2 Nfd7 10. a3 Qc7 11. Na4 a6 12. Nxc5 Nxc5 13. Be2 f5 14. b4 fxe4 15. bxc5
exf3 16. Bxf3 Qa5+ 17. Qd2 Qxc5 18. O-O Bxh3 19. Bh5 Be6 20. Be7 Rc8 21. Rfe1
Rc7 22. d4 exd4 23. Rxe6 Qxh5 24. Bxd6 Rd7 25. Rae1 Rd8 26. Qxd4 Nd7 27. Re7
Nf6 28. Rxb7 Rd7 29. Rxd7 Nxd7 30. Re7 Nf6 31. Rc7 Rb8 32. Rxg7+ Kxg7 33. Bxb8
c5 34. Qe3 0-1

[Event "43. Open Ciutat de Badalona 2017 - B"]
[Site "Badalona ESP"]
[Date "2017.08.04"]
[Round "3.9"]
[White "Torralba Brosa, Marc"]
[Black "Franzoni Ladron De Guevara, Enri"]
[Result "1-0"]
[WhiteElo "1839"]
[BlackElo "1771"]
[PlyCount "69"]
[EventDate "2017.08.02"]
[EventType "swiss"]
[EventRounds "9"]
[EventCountry "ESP"]
[SourceTitle "Ajedrez en Madrid"]
[Source "lmi"]
[SourceDate "2017.08.02"]
[SourceVersion "1"]
[SourceVersionDate "2018.07.18"]
[SourceQuality "1"]

1. e4 c5 2. Nf3 d6 3. d4 cxd4 4. Nxd4 Nf6 5. Nc3 a6 6. Be2 e5 7. Nb3 Be6 8. f4
Qc7 9. g4 b5 10. a3 exf4 11. g5 Nfd7 12. Bxf4 Nc6 13. Qd2 Be7 14. h4 Nde5 15.
Nd5 Bxd5 16. exd5 Nb8 17. O-O-O Nbd7 18. Nd4 O-O 19. h5 Rfc8 20. g6 Nc5 21.
Bxe5 dxe5 22. gxf7+ Kh8 23. Nc6 Ne4 24. Qe1 Bg5+ 25. Kb1 Nf6 26. Bd3 Bf4 27.
Bf5 Rf8 28. Be6 a5 29. Rf1 Ra6 30. Rxf4 exf4 31. Qc3 Rxf7 32. Bxf7 Qxf7 33. d6
Kg8 34. Ne7+ Kf8 35. Qc8+ 1-0

[Event "43. Open Ciutat de Badalona 2017 - B"]
[Site "Badalona ESP"]
[Date "2017.08.04"]
[Round "3.10"]
[White "Colom Andres, Xavier"]
[Black "Madrid Sole, Antonio"]
[Result "1-0"]
[WhiteElo "1826"]
[BlackElo "1762"]
[PlyCount "37"]
[EventDate "2017.08.02"]
[EventType "swiss"]
[EventRounds "9"]
[EventCountry "ESP"]
[SourceTitle "Ajedrez en Madrid"]
[Source "lmi"]
[SourceDate "2017.08.02"]
[SourceVersion "1"]
[SourceVersionDate "2018.07.18"]
[SourceQuality "1"]

1. d4 d5 2. c4 e6 3. Nf3 c5 4. cxd5 exd5 5. g3 Nc6 6. Bg2 Nf6 7. O-O Be7 8. Nc3
O-O 9. a3 c4 10. Qc2 Re8 11. Rd1 h6 12. Bf4 a6 13. Ne5 Be6 14. Nxc4 dxc4 15. d5
Nxd5 16. Nxd5 Bxd5 17. Bxd5 Qb6 18. Qg6 Rf8 19. Be5 1-0

[Event "43. Open Ciutat de Badalona 2017 - B"]
[Site "Badalona ESP"]
[Date "2017.08.05"]
[Round "4.1"]
[White "Ospina Ocampo, Camilo"]
[Black "Torralba Brosa, Marc"]
[Result "1/2-1/2"]
[WhiteElo "1918"]
[BlackElo "1839"]
[PlyCount "131"]
[EventDate "2017.08.02"]
[EventType "swiss"]
[EventRounds "9"]
[EventCountry "ESP"]
[SourceTitle "Ajedrez en Madrid"]
[Source "lmi"]
[SourceDate "2017.08.02"]
[SourceVersion "1"]
[SourceVersionDate "2018.07.18"]
[SourceQuality "1"]

1. e4 c5 2. Nf3 Nc6 3. Bb5 g6 4. Bxc6 dxc6 5. d3 Bg7 6. O-O Nf6 7. Nbd2 O-O 8.
Re1 Qc7 9. h3 e5 10. Nf1 Nh5 11. Ng3 Nxg3 12. fxg3 h6 13. Be3 b6 14. g4 f5 15.
gxf5 gxf5 16. Nh4 f4 17. Bf2 Qf7 18. Qf3 Kh7 19. a4 a5 20. Kh1 h5 21. Rg1 Bf6
22. Raf1 Rg8 23. b3 Bd7 24. g4 hxg4 25. hxg4 Qg7 26. Nf5 Bxf5 27. exf5 Rh8 28.
Rg2 Kg8+ 29. Rh2 Kf7 30. Bg1 Rag8 31. Qxc6 Rxh2+ 32. Bxh2 Qh6 33. Qe6+ Kg7 34.
Qd7+ Kh8 35. Rg1 Qh3 36. Qf7 Qf3+ 37. Rg2 Qc6 38. Qe6 Qxe6 39. fxe6 Bh4 40. Re2
Bf6 41. Rg2 Kg7 42. g5 Bd8 43. Kg1 Kf8 44. g6 Ke7 45. Kf2 Kxe6 46. Kf3 Kf6 47.
Ke4 Bc7 48. Bg1 Rxg6 49. Rxg6+ Kxg6 50. Bf2 Kg5 51. Kf3 Bd8 52. Be1 Kh5 53. c3
Bh4 54. Bd2 Bg3 55. d4 Kg5 56. dxe5 Kf5 57. e6 Kxe6 58. b4 c4 59. bxa5 bxa5 60.
Bxf4 Be1 61. Ke4 Bxc3 62. Bg3 Bb4 63. Kd4 c3 64. Kd3 Kd5 65. Bf2 Kc6 66. Bd4
1/2-1/2

[Event "43. Open Ciutat de Badalona 2017 - B"]
[Site "Badalona ESP"]
[Date "2017.08.05"]
[Round "4.2"]
[White "Colom Andres, Xavier"]
[Black "Walter Travella, German"]
[Result "0-1"]
[WhiteElo "1826"]
[BlackElo "1888"]
[PlyCount "120"]
[EventDate "2017.08.02"]
[EventType "swiss"]
[EventRounds "9"]
[EventCountry "ESP"]
[SourceTitle "Ajedrez en Madrid"]
[Source "lmi"]
[SourceDate "2017.08.02"]
[SourceVersion "1"]
[SourceVersionDate "2018.07.18"]
[SourceQuality "1"]

1. d4 Nf6 2. c4 g6 3. g3 Bg7 4. Bg2 O-O 5. Nf3 d6 6. O-O Nc6 7. Nc3 e5 8. h3
Nh5 9. d5 Ne7 10. e4 a6 11. b4 Qe8 12. c5 a5 13. cxd6 cxd6 14. Qb3 a4 15. Qd1
Bd7 16. Rb1 Qc8 17. Bd2 Bxh3 18. Nxa4 Bxg2 19. Kxg2 Qg4 20. Nc3 Nf4+ 21. Kg1
Ra3 22. Rb3 Rxb3 23. axb3 Rc8 24. Nh2 Qxd1 25. Nxd1 Ne2+ 26. Kg2 Nd4 27. Nf3
Nxb3 28. Be3 Rc4 29. Nb2 Rxe4 30. Ng5 Rxb4 31. Nd3 Rb5 32. Rb1 Nxd5 33. Ne4 Bf8
34. Rb2 Nxe3+ 35. fxe3 d5 36. Nc3 Rb6 37. Nc1 d4 38. exd4 exd4 39. Nd1 Ba3 40.
Rxb3 Rxb3 41. Nxb3 d3 42. Kf3 Bb4 43. Ke3 d2 44. Kd3 h5 45. Nxd2 Bxd2 46. Kxd2
Kg7 47. Nc3 Kf6 48. Ke3 Kf5 49. Kf3 Ke5 50. Ke3 f5 51. Nb5 g5 52. Kf3 b6 53.
Ke3 h4 54. gxh4 gxh4 55. Nc7 h3 56. Kf3 f4 57. Nb5 Kd5 58. Nc3+ Kc4 59. Ne2 h2
60. Kg2 f3+ 0-1

[Event "43. Open Ciutat de Badalona 2017 - B"]
[Site "Badalona ESP"]
[Date "2017.08.05"]
[Round "4.3"]
[White "Alcala Gonzalez, Cesar"]
[Black "Corbacho Chaves, Oscar"]
[Result "1-0"]
[WhiteElo "1760"]
[BlackElo "1849"]
[PlyCount "96"]
[EventDate "2017.08.02"]
[EventType "swiss"]
[EventRounds "9"]
[EventCountry "ESP"]
[SourceTitle "Ajedrez en Madrid"]
[Source "lmi"]
[SourceDate "2017.08.02"]
[SourceVersion "1"]
[SourceVersionDate "2018.07.18"]
[SourceQuality "1"]

1. d4 d6 2. c4 e5 3. dxe5 dxe5 4. Qxd8+ Kxd8 5. e4 c6 6. Nc3 Na6 7. Be3 Kc7 8.
O-O-O Bc5 9. Bxc5 Nxc5 10. g3 Nf6 11. f3 a5 12. Bh3 Be6 13. Bxe6 Nxe6 14. Nge2
Nd7 15. b3 Ndc5 16. Kc2 Rhd8 17. a3 Ng5 18. b4 axb4 19. axb4 Nce6 20. f4 exf4
21. gxf4 Nf3 22. e5 Nfd4+ 23. Nxd4 Nxd4+ 24. Kb2 Nf5 25. Ne4 h6 26. c5 Rxd1 27.
Rxd1 Ne3 28. Rd4 Nd5 29. Nd6 Ra4 30. Kb3 Ra1 31. f5 Rb1+ 32. Ka3 Ra1+ 33. Kb2
Rf1 34. Re4 Rf2+ 35. Kb3 Rf3+ 36. Kc2 Re3 37. Rxe3 Nxe3+ 38. Kd3 Nd5 39. Nxf7
Kd7 40. Nd6 b5 41. cxb6 Nxb6 42. Kd4 Na4 43. Nc4 Ke7 44. Kd3 Kf7 45. Kc2 g6 46.
fxg6+ Kxg6 47. Kb3 Kf5 48. Kxa4 Kg4 1-0

[Event "43. Open Ciutat de Badalona 2017 - B"]
[Site "Badalona ESP"]
[Date "2017.08.05"]
[Round "4.4"]
[White "Barroso Quinones, Antonio"]
[Black "Roa Ribera, Alvaro"]
[Result "0-1"]
[WhiteElo "1846"]
[BlackElo "1688"]
[PlyCount "108"]
[EventDate "2017.08.02"]
[EventType "swiss"]
[EventRounds "9"]
[EventCountry "ESP"]
[SourceTitle "Ajedrez en Madrid"]
[Source "lmi"]
[SourceDate "2017.08.02"]
[SourceVersion "1"]
[SourceVersionDate "2018.07.18"]
[SourceQuality "1"]

1. d4 d5 2. Nf3 Nf6 3. g3 Bf5 4. Bg2 e6 5. O-O Be7 6. c4 c6 7. Nc3 dxc4 8. Ne5
O-O 9. Nxc4 Nbd7 10. Bf4 Nb6 11. Ne5 h6 12. a4 Nbd5 13. Nxd5 Nxd5 14. Bd2 Bh7
15. Qb3 Qb6 16. Qxb6 axb6 17. Rfc1 Rfd8 18. Nc4 Ra6 19. e3 Rda8 20. a5 b5 21.
e4 bxc4 22. exd5 cxd5 23. Bf1 Rc6 24. Be2 Bf6 25. Be3 Rca6 26. b4 Rc6 27. b5
Rcc8 28. Bd1 Be7 29. f4 Kf8 30. Ra4 Ke8 31. Rca1 Rcb8 32. a6 bxa6 33. Rxa6 Rxa6
34. Rxa6 Bd8 35. Ba4 Bb6 36. Kf1 Kd8 37. Ke2 Kc8 38. Bd2 Kc7 39. Ba5 Bxa5 40.
Rxa5 Kb7 41. Ra6 Ra8 42. Rxa8 Kxa8 43. Kd2 Kb7 44. Kc3 Kb6 45. Kb4 f5 46. Bd1
g6 47. g4 g5 48. gxf5 exf5 49. fxg5 hxg5 50. h3 f4 51. Bf3 Be4 52. Bg4 c3 53.
Kxc3 Kxb5 54. Kd2 Kc4 0-1

[Event "43. Open Ciutat de Badalona 2017 - B"]
[Site "Badalona ESP"]
[Date "2017.08.05"]
[Round "4.5"]
[White "Petit Montes, Marc"]
[Black "Lozano Ruiz, David"]
[Result "1/2-1/2"]
[WhiteElo "1948"]
[BlackElo "1812"]
[PlyCount "166"]
[EventDate "2017.08.02"]
[EventType "swiss"]
[EventRounds "9"]
[EventCountry "ESP"]
[SourceTitle "Ajedrez en Madrid"]
[Source "lmi"]
[SourceDate "2017.08.02"]
[SourceVersion "1"]
[SourceVersionDate "2018.07.18"]
[SourceQuality "1"]

1. d4 e6 2. c4 f5 3. Nc3 Nf6 4. Bg5 Bb4 5. e3 O-O 6. g3 d5 7. Qb3 Bxc3+ 8. bxc3
c6 9. Bg2 Nbd7 10. Ne2 Qc7 11. Bxf6 Nxf6 12. O-O Ne4 13. Rfc1 Nd2 14. Qd1 Nxc4
15. Nf4 e5 16. dxe5 Qxe5 17. Rab1 Rb8 18. h4 Be6 19. Rb4 a5 20. Rb3 Bf7 21.
Rcb1 Qe7 22. Bf1 a4 23. Rb4 b5 24. h5 Rbd8 25. Bg2 Qg5 26. Qe2 g6 27. hxg6 hxg6
28. Rd1 Rfe8 29. Qd3 Qe7 30. Qc2 Kg7 31. Re1 Qf6 32. Qd3 g5 33. Nh3 Bh5 34. f4
gxf4 35. Nxf4 Bf7 36. Bh3 Re4 37. Bg2 Re5 38. Kf2 Rde8 39. Rxc4 dxc4 40. Qd7
R8e7 41. Qd8 Re8 42. Qc7 Qe7 43. Qb6 Qa3 44. Bf3 Qb2+ 45. Re2 Qxc3 46. Bxc6 Qb4
47. Bxe8 Rxe8 48. Qd4+ Kg8 49. Kf3 Qe7 50. Qb6 Qe4+ 51. Kf2 Kg7 52. Qxb5 c3 53.
Qa5 Rc8 54. Qa6 Rc6 55. Qd3 Qxd3 56. Nxd3 c2 57. Nc1 Kf6 58. Ke1 Bd5 59. Rd2
Be4 60. Rd4 a3 61. Kd2 Kg5 62. Rd8 Kg4 63. Rd4 Kxg3 64. Ne2+ Kf2 65. Nc1 Kf3
66. Rd8 Rc5 67. Rd4 Rc7 68. Rd6 Kg4 69. Rd4 Kg5 70. Rd6 Rc8 71. Rd4 Kf6 72. Rd7
Ke6 73. Rd4 Ke7 74. Nb3 Rc7 75. Nc1 Rc6 76. Nb3 Rd6 77. Rxd6 Kxd6 78. Nd4 Kc5
79. Nxc2 Bxc2 80. Kxc2 Kc4 81. Kd2 Kd5 82. Kd3 Kc5 83. Kc3 Kd5 1/2-1/2

[Event "43. Open Ciutat de Badalona 2017 - B"]
[Site "Badalona ESP"]
[Date "2017.08.05"]
[Round "4.6"]
[White "Garcia Ruiz, Adrian"]
[Black "Peiron Lluch, Jose Daniel"]
[Result "1-0"]
[WhiteElo "1940"]
[BlackElo "1792"]
[PlyCount "143"]
[EventDate "2017.08.02"]
[EventType "swiss"]
[EventRounds "9"]
[EventCountry "ESP"]
[SourceTitle "Ajedrez en Madrid"]
[Source "lmi"]
[SourceDate "2017.08.02"]
[SourceVersion "1"]
[SourceVersionDate "2018.07.18"]
[SourceQuality "1"]

1. Nf3 d5 2. d4 Nf6 3. c4 Nc6 4. cxd5 Qxd5 5. Nc3 Qd6 6. e4 e5 7. d5 Nb8 8. Be2
a6 9. a4 Nbd7 10. Nd2 Qb4 11. O-O Bc5 12. Qc2 O-O 13. Nc4 Bd4 14. Bd2 Qe7 15.
Ne3 g6 16. Rac1 Ne8 17. Na2 Bc5 18. Bg4 Bd6 19. Nc4 Qh4 20. Bh3 Ndf6 21. Bxc8
Rxc8 22. Nc3 Ng4 23. h3 Nef6 24. Ne3 Nxe3 25. Bxe3 Nh5 26. f3 Nf4 27. Rfd1 Qg3
28. Kf1 f5 29. Qf2 Nh5 30. Qxg3 Nxg3+ 31. Kg1 Bb4 32. Rc2 Bxc3 33. bxc3 fxe4
34. Bf2 Nf5 35. fxe4 Nd6 36. Re1 b6 37. Bg3 Rce8 38. c4 Nb7 39. Bf2 Nc5 40.
Bxc5 bxc5 41. Rb2 Rb8 42. Reb1 Rxb2 43. Rxb2 Rf4 44. Re2 Kg7 45. Re3 Rf6 46. a5
Kf8 47. g3 Ke7 48. Kg2 Kd7 49. Rb3 Rf8 50. Rb7 Rf6 51. Ra7 h6 52. h4 h5 53. Ra8
Ke7 54. Rh8 Rf8 55. Rh7+ Rf7 56. Rh6 Rf6 57. g4 hxg4 58. Kg3 Rf3+ 59. Kxg4 Rf4+
60. Kg5 Rxe4 61. Rxg6 Rxc4 62. h5 Rc1 63. Rxa6 Rg1+ 64. Kf5 Rh1 65. h6 c4 66.
Kxe5 c3 67. Rc6 Re1+ 68. Kd4 Rd1+ 69. Kxc3 Rxd5 70. Rxc7+ Kd8 71. Ra7 Rh5 72.
h7 1-0

[Event "43. Open Ciutat de Badalona 2017 - B"]
[Site "Badalona ESP"]
[Date "2017.08.05"]
[Round "4.7"]
[White "Alonso Gomez, Raul"]
[Black "Calafell Marques, Jose"]
[Result "1/2-1/2"]
[WhiteElo "1938"]
[BlackElo "1747"]
[PlyCount "172"]
[EventDate "2017.08.02"]
[EventType "swiss"]
[EventRounds "9"]
[EventCountry "ESP"]
[SourceTitle "Ajedrez en Madrid"]
[Source "lmi"]
[SourceDate "2017.08.02"]
[SourceVersion "1"]
[SourceVersionDate "2018.07.18"]
[SourceQuality "1"]

1. e4 c5 2. Nf3 d6 3. Bb5+ Bd7 4. Bxd7+ Qxd7 5. O-O Nc6 6. c3 e6 7. d3 Nf6 8.
Nbd2 Be7 9. a4 O-O 10. Qc2 Rac8 11. Re1 Bd8 12. Nc4 e5 13. Bg5 Nh5 14. Bc1 Nf6
15. Qe2 Na5 16. Nfd2 Nxc4 17. Nxc4 b6 18. h3 a6 19. Bg5 b5 20. axb5 axb5 21.
Ne3 h6 22. Bxf6 Bxf6 23. Nd5 Bd8 24. Ra6 b4 25. Rea1 bxc3 26. bxc3 Rb8 27. Ra7
Rb1+ 28. Rxb1 Qxa7 29. Qg4 Qa2 30. Qd1 Bg5 31. g3 f5 32. Ra1 Qb2 33. Rb1 Qa2
34. Ra1 Qb2 35. Rb1 Qa2 36. Qb3 Qxb3 37. Rxb3 fxe4 38. dxe4 Rf3 39. h4 Bd2 40.
Kf1 Rf7 41. Ke2 Bc1 42. Kd1 Rxf2 43. Kxc1 Rf3 44. g4 Rg3 45. Rb8+ Kf7 46. Rb7+
Kf8 47. g5 hxg5 48. hxg5 Rxg5 49. Kd2 Rg6 50. Ke3 Rg3+ 51. Kf2 Rg6 52. Kf3 Rh6
53. Kg4 Kg8 54. Ne7+ Kh7 55. Nf5 Rg6+ 56. Kf3 Rg1 57. Nxd6 Rd1 58. Nf5 Rd3+ 59.
Kg4 Rxc3 60. Rxg7+ Kh8 61. Re7 c4 62. Rxe5 Rc1 63. Re7 c3 64. Ne3 c2 65. Nxc2
Rxc2 66. Rf7 Kg8 67. Rf5 Rc4 68. Kf4 Ra4 69. Rf6 Kg7 70. Rf5 Kg6 71. Ke3 Ra3+
72. Kf4 Ra4 73. Rf8 Kg7 74. Rf5 Kg6 75. Ke5 Ra8 76. Kd4 Ra4+ 77. Kd5 Ra5+ 78.
Ke6 Ra6+ 79. Ke5 Ra5+ 80. Kf4 Rxf5+ 81. exf5+ Kf6 82. Kg4 Kf7 83. Kg5 Kg7 84.
f6+ Kf7 85. Kf5 Kf8 86. Ke6 Ke8 1/2-1/2

[Event "43. Open Ciutat de Badalona 2017 - B"]
[Site "Badalona ESP"]
[Date "2017.08.05"]
[Round "4.8"]
[White "Ritter Aguilar, Jordi"]
[Black "Van Puyvelde, Stijn"]
[Result "1/2-1/2"]
[WhiteElo "1850"]
[BlackElo "1791"]
[PlyCount "43"]
[EventDate "2017.08.02"]
[EventType "swiss"]
[EventRounds "9"]
[EventCountry "ESP"]
[SourceTitle "Ajedrez en Madrid"]
[Source "lmi"]
[SourceDate "2017.08.02"]
[SourceVersion "1"]
[SourceVersionDate "2018.07.18"]
[SourceQuality "1"]

1. c4 Nf6 2. Nc3 g6 3. g3 Bg7 4. Bg2 O-O 5. e4 d6 6. d3 c6 7. Nge2 Qa5 8. Nf4
e5 9. Nfe2 Na6 10. O-O Ne8 11. a3 f5 12. f4 Be6 13. Be3 Qd8 14. Rc1 Nac7 15. b3
d5 16. Bc5 Rf7 17. fxe5 Bxe5 18. Bd4 Bxd4+ 19. Nxd4 dxe4 20. dxe4 Rd7 21. Nxe6
Rxd1 22. Nxd8 1/2-1/2

[Event "43. Open Ciutat de Badalona 2017 - B"]
[Site "Badalona ESP"]
[Date "2017.08.05"]
[Round "4.9"]
[White "Comhaire, Cedric"]
[Black "Dominguez Laguna, Eduard"]
[Result "1-0"]
[WhiteElo "1830"]
[BlackElo "1745"]
[PlyCount "71"]
[EventDate "2017.08.02"]
[EventType "swiss"]
[EventRounds "9"]
[EventCountry "ESP"]
[SourceTitle "Ajedrez en Madrid"]
[Source "lmi"]
[SourceDate "2017.08.02"]
[SourceVersion "1"]
[SourceVersionDate "2018.07.18"]
[SourceQuality "1"]

1. e4 e5 2. Nf3 Nc6 3. d4 exd4 4. Bc4 Bc5 5. c3 Nf6 6. e5 d5 7. Bb5 Ne4 8. Nxd4
Bd7 9. Bxc6 bxc6 10. O-O Qh4 11. f3 Ng5 12. Be3 O-O 13. Nd2 f6 14. exf6 Rxf6
15. Qe1 Qh5 16. g4 Qg6 17. Qg3 Raf8 18. f4 Ne4 19. Nxe4 dxe4 20. f5 Qf7 21. Qg2
Qd5 22. b4 Bb6 23. Rad1 Qc4 24. Qd2 R6f7 25. Rf4 Re7 26. a4 a6 27. a5 Ba7 28.
Nc2 Bxe3+ 29. Qxe3 Re5 30. Rd4 Qa2 31. Qd2 h6 32. Ne3 Qa1+ 33. Kf2 Qh1 34. Kg3
Rd5 35. Rxd5 Qg1+ 36. Ng2 1-0

[Event "43. Open Ciutat de Badalona 2017 - B"]
[Site "Badalona ESP"]
[Date "2017.08.05"]
[Round "4.10"]
[White "Aarav, Dengla"]
[Black "Lopez Gallego, Miguel Angel"]
[Result "1-0"]
[WhiteElo "1433"]
[BlackElo "1819"]
[PlyCount "87"]
[EventDate "2017.08.02"]
[EventType "swiss"]
[EventRounds "9"]
[EventCountry "ESP"]
[SourceTitle "Ajedrez en Madrid"]
[Source "lmi"]
[SourceDate "2017.08.02"]
[SourceVersion "1"]
[SourceVersionDate "2018.07.18"]
[SourceQuality "1"]

1. e4 d5 2. exd5 Qxd5 3. Nc3 Qd8 4. Nf3 Bg4 5. Be2 c6 6. d4 Nf6 7. Be3 e6 8.
O-O Bd6 9. Bg5 Nbd7 10. Re1 Qa5 11. Qd2 Bxf3 12. Bxf3 O-O 13. Ne4 Qxd2 14.
Nxf6+ Nxf6 15. Bxd2 h6 16. c4 Rfd8 17. Bc3 Rd7 18. h3 Bc7 19. Rad1 Rad8 20. Rd2
Bf4 21. Rdd1 Nh7 22. h4 g5 23. g3 Bb8 24. hxg5 Nxg5 25. Bg2 Nh7 26. f4 Nf8 27.
Kf2 Ng6 28. Rh1 Kh7 29. Rh3 Bd6 30. Rdh1 Bf8 31. Be4 f5 32. Bb1 Rf7 33. Re1 Re8
34. d5 Bc5+ 35. Kf3 cxd5 36. cxd5 Bd6 37. dxe6 Rff8 38. Rh5 Rg8 39. Bxf5 Bf8
40. Bxg6+ Kxg6 41. f5+ Kh7 42. f6 Rg6 43. Rf5 Bg7 44. f7 1-0

[Event "43. Open Ciutat de Badalona 2017 - B"]
[Site "Badalona ESP"]
[Date "2017.08.06"]
[Round "5.1"]
[White "Walter Travella, German"]
[Black "Alcala Gonzalez, Cesar"]
[Result "1-0"]
[WhiteElo "1888"]
[BlackElo "1760"]
[PlyCount "131"]
[EventDate "2017.08.02"]
[EventType "swiss"]
[EventRounds "9"]
[EventCountry "ESP"]
[SourceTitle "Ajedrez en Madrid"]
[Source "lmi"]
[SourceDate "2017.08.02"]
[SourceVersion "1"]
[SourceVersionDate "2018.07.18"]
[SourceQuality "1"]

1. e4 c5 2. Nc3 Nc6 3. f4 g6 4. Nf3 Bg7 5. g3 d6 6. Bg2 e6 7. O-O Nge7 8. Ne2
O-O 9. c3 e5 10. Kh1 Qb6 11. d3 h6 12. Be3 Be6 13. b4 Rad8 14. bxc5 dxc5 15.
fxe5 Bc4 16. Rb1 Qa6 17. Nc1 Bxd3 18. Nxd3 Rxd3 19. Qe2 Rxc3 20. Qf2 b6 21.
Rfd1 Nb4 22. Rd7 Nec6 23. Rb2 Nd3 24. Qf1 Ncb4 25. Bd2 Ra3 26. Bxb4 Nxb4 27.
Qxa6 Rxa6 28. Bf1 Ra3 29. Kg2 Nxa2 30. Bc4 Nb4 31. Rbd2 Nc6 32. e6 fxe6 33.
Bxe6+ Kh8 34. Nh4 Ne5 35. Rd8 h5 36. R2d5 Rxd8 37. Rxd8+ Kh7 38. Bg8+ Kh6 39.
Rd6 Rd3 40. Nf5+ Kg5 41. h4+ Kg4 42. Be6 Rxg3+ 43. Nxg3+ Kf4 44. Bf7 c4 45.
Bxg6 Nxg6 46. Rxg6 Be5 47. Rc6 b5 48. Rc5 a6 49. Rc6 Ke3 50. Rxa6 c3 51. Rc6
Kd3 52. Kf3 b4 53. Ne2 b3 54. Nc1+ Kc2 55. Nxb3 Kxb3 56. Ke2 Kc2 57. Rc5 Bd4
58. Rd5 Bg7 59. Rxh5 Kb3 60. Rc5 Bd4 61. Rc6 Kb4 62. Kd3 Be5 63. h5 Kb3 64.
Rb6+ Ka2 65. h6 Ka3 66. h7 1-0